| 000 | 02425nam0a2200325 4500 | ||
|---|---|---|---|
| 001 | RU\NLR\BIBL_A\022633657 | ||
| 005 | 20260406094906.0 | ||
| 010 |
_a978-5-93179-841-7 _9200 |
||
| 035 | _a(NLR Aleph) 022633657 | ||
| 090 |
_a13497355 _c13497355 |
||
| 100 | _a20250930d2025 u y0rusy50 ca | ||
| 101 | 0 | _arus | |
| 102 | _aRU | ||
| 105 | _aa|||j|||000yy | ||
| 181 | 0 |
_ai3 _baxxe |
|
| 182 | 0 | _an | |
| 200 | 1 |
_aСтратегии и технологии управления человеческими ресурсами _eучебно-методическое пособие _eдля студентов высших учебных заведений, обучающихся по направлениям 38.04.02 "Менеджмент" и 38.04.03 "Управление персоналом" очной и заочной форм обучения _fАвдеева И. Л., Головина Т. А., Парахина Л. В. _gФедеральное государственное бюджетное образовательное учреждение высшего образования "Российская академия народного хозяйства и государственной службы при Президенте РФ", Среднерусский институт управления - филиал РАНХиГС, Кафедра "Менеджмент и управление персоналом" |
|
| 203 |
_aТекст _bвизуальный _cнепосредственный |
||
| 210 |
_aОрёл _cИзд-во Среднерусского института управления - филиала РАНХиГС _d2025 |
||
| 215 |
_a119 с. _cил., табл. _d20 |
||
| 320 | _aБиблиогр.: с. 119 (10 назв.) | ||
| 606 | 1 |
_aЧеловеческие ресурсы _jУчебно-методические пособия для высших учебных заведений _xСтратегическое управление _92521831 _3RU\NLR\AUTH\6601708693 |
|
| 686 | 1 | _aУ24(0)0-212я73 | |
| 700 | 1 |
_7ca _8rus _aАвдеева _bИ. Л. _gИрина Леонидовна _3RU\NLR\AUTH\770287285 _92688416 |
|
| 701 | 1 |
_aГоловина _bТ. А. _gТатьяна Александровна |
|
| 701 | 1 |
_aПарахина _bЛ. В. _gЛариса Владимировна |
|
| 942 | _cBOOK | ||
| 980 | _aNB | ||